| 000 | 01063 a2200289 4500 | ||
|---|---|---|---|
| 003 | Nust | ||
| 005 | 20170207154052.0 | ||
| 010 | _a 2005934526 | ||
| 020 | _a0387284532 (hbk.) | ||
| 020 | _a9780387284538 | ||
| 035 | _a(OCoLC)ocm63514158 | ||
| 040 | _cNust | ||
| 082 | _a621.3822 | ||
| 100 | 1 | _aBharitkar, Sunil. | |
| 245 | 1 | 0 |
_aImmersive audio signal processing (E-BOOK) _cSunil Bharitkar, Chris Kyriakakis. |
| 260 |
_aNew York : _bSpringer, _c2006. |
||
| 300 |
_axiv, 215 p. : _bill. ; _c25 cm. |
||
| 440 | 0 | _aInformation technology--transmission, processing, and storage | |
| 500 | _aTextbook for graduates. | ||
| 650 | 0 | _aAcoustical engineering. | |
| 650 | 0 |
_aSignal processing _xDigital techniques. |
|
| 650 | 0 | _aTelecommunications engineering - (E-BOOK) | |
| 651 | _aImmersive audio signal processing (E-BOOK) | ||
| 700 | 1 | _aKyriakakis, Chris. | |
| 856 | 4 | 2 |
_3Publisher description _uhttp://www.loc.gov/catdir/enhancements/fy0663/2005934526-d.html |
| 856 | 4 | 2 |
_3Table of contents only _uhttp://www.loc.gov/catdir/enhancements/fy0823/2005934526-t.html |
| 942 |
_2ddc _cBK |
||
| 999 |
_c193141 _d193141 |
||